Cojugacions dels Verbs en Català #1 - Estadísticas

Estadísticas generales
  • Esta prueba ha sido intentada 11 veces
  • La puntuación promedio es 6 de 16
Estadísticas de respuestas
Persona i Nombre Conjugació Verb en Infinitiu Verb Conjugat % Correcto
3a Persona del Plural Present d'Indicatiu Filosofar filosofen
89%
Forma No Personal Gerundi Cancel·lar cancel·lant
67%
3a Persona del Singular Imperfet de Subjuntiu Malpensar malpensés
56%
3a Persona del Singular Futur d'Indicatiu Tossir tossirà
56%
Forma No Personal Participi Ajupir ajupit, ajupida, ajupits, ajupides
44%
1a Persona del Plural Imperatiu Bellugar belluguem
44%
3a Persona del Plural Imperatiu Bolcar bolquin
44%
Forma No Personal Gerundi Desactivar desactivant
44%
3a Persona del Singular Plusquamperfet de Subjuntiu Sustentar hagués sustentat
33%
3a Persona del Plural Futur Perfet d'Indicatiu Eixugar hauran eixugat
33%
2a Persona del Singular Perfet d'Indicatiu Irrigar has irrigat
22%
2a Persona del Plural Perfet d'Indicatiu Inflar heu inflat
22%
1a Persona del Plural Passat Perifràstic d'Indicatiu Comentar vam comentar
22%
1a Persona del Singular Perfet de Subjuntiu Encaixar hagi encaixat
11%
2a Persona del Plural Plusquamperfet d'Indicatiu Cometre havíeu comès
11%
2a Persona del Singular Present de Subjuntiu Jugar juguis
11%
No se encontraron pruebas coincidentes
Distribución de puntuación
Porcentaje de gente con cada puntuación
Porcentaje por número respondido
Historial de tus puntuaciones
No has intentado esta prueba.